Statistics for You're Gonna Go Far - Noah Kahan

Click here to take the quiz!

General Stats

  • This quiz has been taken 105 times
  • The average score is 320 of 381

Answer Stats

Answer% Correct
go
99%
You
99%
you
99%
your
99%
a
97%
I
97%
The
97%
the
97%
you're
97%
You're
97%
are
96%
far
96%
be
94%
so
94%
So
94%
to
94%
up
94%
at
93%
It
93%
it
93%
Then
93%
thing
93%
we
93%
ain't
91%
hand
91%
lost
91%
love
91%
on
91%
pack
91%
we've
91%
all
90%
and
90%
And
90%
for
90%
greatest
90%
heart
90%
still
90%
when
90%
where
90%
angry
88%
is
88%
put
88%
gonna
87%
in
87%
It's
87%
it's
87%
say
87%
Say
87%
This
87%
this
87%
car
86%
get
86%
leaves
86%
me
86%
whatever
86%
wil
86%
will
86%
from
84%
here
84%
they
84%
time
84%
was
84%
you'll
84%
You'll
84%
as
83%
birds
83%
feel
83%
fight
83%
forever
83%
good
83%
got
83%
know
83%
wherever
83%
sing
81%
things
81%
Well
81%
we'll
81%
folks
80%
land
80%
least
80%
red
80%
saw
80%
or
78%
strong
78%
young
78%
destination
77%
hard
77%
kids
77%
light
77%
only
77%
praying
77%
die?
75%
die
75%
getting
75%
of
75%
smile
75%
takes
75%
college
74%
correcting
74%
make
74%
makes
74%
sound
74%
waiting
74%
yard
74%
shit
72%
with
72%
conversation
71%
fine
71%
mind
71%
normal
71%
while
71%
after
70%
babe
70%
boys
70%
clean
70%
deadline
70%
even
70%
grammar
70%
nightfall
70%
brights
68%
driving
68%
frat
68%
who
68%
gave
67%
quiet
67%
spraypaint
67%
tired
67%
fault
64%
lies
64%
They're
64%
calculations
62%
creak
62%
just
62%
like
62%
Making
62%
by
59%
If
58%
hell
54%
living
54%
We're
54%
survival
52%
have
51%
shut
51%
told
51%
Yes
51%
about
49%
difference
49%
down
49%
drunk
49%
foot
49%
outside
49%
step
49%
That's
49%
town
49%
long
48%
revival
48%
would
48%
always
46%
But
43%
wanna
43%
Won't
43%
own
42%
Spent
42%
volition
42%
overdue
41%
porch
26%

Score Distribution

Percentile by Number Answered

Percent of People with Each Score

Your Score History

You have not taken this quiz